MDQL
is popping MORE tags! Check the
thread
!
Quizzes
Events
Quiz Creation
Community
Videos
Private Events
Remove Ads
Sign In
Join for FREE
Feedback
Dark Mode
Quiz Categories
Sports
Geography
Music
Movies
Television
Just For Fun
Miscellaneous
History
Literature
Language
Science
Gaming
Entertainment
Religion
Holiday
For Kids
Quiz Lab
Recent
Popular Today
Quiz Kudos Today
Editor Picks
Curator Picks
Quizzes by...
Day
Popularity
Type
Ratings
Length
Year
Community
Subscriptions
Recent Discussions
Orange Saloon
Badges
Playlists
Quests
Create
Leaderboards
Showdown
Live 5
Trivia Bingo
Activity
Puzzle Library
Sporcle Events
Private Events
Virtual Trivia
Globe League
Become a Host
Pub Owners
SporcleCon
Opinionation
Our Games
Videos
Blog
Mobile Apps
Partnerships
Remove Ads and Go Orange
Feedback
Movies
Disney
Marvel Cinematic Universe
Movie Resume
Movie Titles
Oscar
Actor
Actress
Director
Pixar
Role
Movie Quotes
Movie Characters
Box Office
Nominee
Best Picture
Star Wars
James Bond
Horror Movies
Movies
Disney
Marvel Cinematic Universe
Movie Resume
Movie Titles
Oscar
Actor
Actress
Director
Pixar
Role
Movie Quotes
Movie Characters
Box Office
Nominee
Best Picture
Star Wars
James Bond
Horror Movies
Random Quiz
Search Sporcle
×
Quiz Lab
Quiz Lab
Movies
Star Wars
Type in answers that appear in a list
Type in answers that appear in a list
Classic
Best Score? Go Orange.
Ultimate Star Wars Trivia Stats
Can you name the hardest Star Wars questions?
By
skunkcabbage31
10m
20 Questions
1,402 Plays
1,402 Plays
1,402 Plays
Comments
Comments
Give Quiz Kudos
Give Quiz Kudos
-
- Ratings
hide this ad
More Info
Replay
Link that replays current quiz
Next Quiz
Link to next quiz in quiz playlist
You Got
0%
They Got
Avg Score
24%
Avg Friend Score
Upgrade to see
Score Distribution
Jump to the score distribution portion of the page
Score
0/20
Timer
10:00
1
Play Today
Hint
Answer
% Correct
How many forms of lightsaber combat are there?
seven
61.5%
The standard measurement of time in the galaxy abbreviated 'BBY' stands for what?
'Before the Battle of Yavin'
45.6%
Luke and Leia Skywalker were born on what remote medical facility?
Polis Massa
44.9%
What is believed to be the planet of origin for the human species?
Coruscant
36.4%
What does the abbreviation AT-
AT stand for?
All Terrain Armored Transport
35.4%
How tall is Darth Vader after he dons his bionic suit?
6 foot 6 inches
32.5%
Wat Tambor is the foreman of which CIS member corporation?
Techno Union
30%
To which planet did the exiled Dark Jedi settle and eventually declare themselves 'Lords of the Sith'?
Korriban
26.7%
How fast past light-
speed can the Millennium Falcon travel?
0.5
26.7%
What is the name of the flagship that Chancellor Palpatine is held prisoner aboard?
Invisible Hand
25.6%
Hint
Answer
% Correct
The hyperspace navigators Gav and Jori Daragon accidentally started what galactic conflict?
Great Hyperspace War
24.8%
This moon of the planet Nal Hutta is a famous shadowport.
Nar Shaddaa
21.8%
What is the full name of the Rebel Alliance?
Alliance to Restore the Republic
18.8%
Tibanna gas is used for what?
laser ammunition for blasters
17%
Who was Dark Lord of the Sith during the Great Hyperspace War?
Naga Sadow
12.3%
The Ruusan Reformations of 1,000 BBY were organized by which Supreme Chancellor?
Tarsus Valorum
10.8%
The InterGalactic Banking Clan is based out of this planet.
Muunilinst
10.1%
The satellite galaxy formally named Companion Aurek is informally known by what name?
Rishi Maze
7.2%
Students of the dark side of the Force (before the time of the Jedi and the Sith) were referred to by what name?
Bogan
3.5%
The act of beheading your opponent in lightsaber combat is called what?
Sai cha
2.4%
Quiz Playlist
Details
Report
Send in Message
Add To Playlist
More Info:
WARNING: spelling can be a make-or-break factor in this quiz! Be forewarned!
Classic:
Type in answers that appear in a list
Last Updated: Feb 16, 2017
Quiz Scoreboard
CHALLENGE
Sign Up to Join the Scoreboard
Show All
Scores
Hide
Comments
May contain spoilers
Recently Published
1-10 Letter E Words III
by El_Dandy
Language
2m
Street Fighter Characters
by Artimus82
Gaming
60s
College Basketball Coaching Resumes
by pancakes188
Sports
9m
More to Explore
Quiz From the Vault
Featured Blog Post
Where Did the Easter Bunny Come From?
hide this ad
You Might Also Like...
Tags
Star Wars Quiz
War Quiz
star
ultimate
Today's Top Quizzes in Movies
Browse Movies
hide this ad
Today's Top Quizzes in Star Wars
Browse Star Wars
Top Contributed Quizzes in Movies
1
Pick 5 Posters: Directed by Spielberg
2
7-to-1: Pixar Characters
3
Hidden Star Wars Character II
4
Hidden Star Wars Character III
5
Pick 5 Posters: Lowest-Rated Spielberg
6
Hidden Star Wars Character IV
7
Sorting Actresses
8
Sorting Actors
9
Hidden Star Wars Character V
10
Pick 5 Posters: Directed by Scorsese
Explore More
Trending Topics
Disney
NBA
Crossword
Kpop
Marvel
Anime
Harry Potter
Soccer
Country
Song
The Office
WWE
NFL
Puzzle
Pokémon
hide this ad
More By:
skunkcabbage31
Quiz
Plays
Rating
Category
Featured
Created
Ultimate Star Wars Planets Quiz
6,321
4.55
Movies
Jan 20, 2010
Star Wars Grab Bag (Extremely Hard)
1,583
2.67
Movies
May 3, 2010
Ultimate Star Wars Trivia
1,402
3.00
Movies
Jan 20, 2010
The Electric Light Orchestra
444
5.00
Music
Jan 10, 2010
Ultimate Star Wars Trivia 2
280
1.00
Movies
Feb 4, 2010
Go to Creator's Profile
Score Distribution
Quiz Creator Spotlight
skunkcabbage31
Follow
Send a Message
Quizzes Created
-
Created Quiz Play Count
-
More By This Creator
Popular Quizzes Today
1
Find the US States - No Outlines Minefield
2
Find the Countries of Europe - No Outlines Minefield
3
Find the US States
4
The Countries of the World
5
Risky Map Clicking: Biggest States A-Z
6
US States
7
Popular People in 1961
8
Movies - When Are They Set?
More Movies Quizzes
Star Wars Characters by First Line
Curator's Pick
Trending Quizzes
Risky Map Clicking: Least Populous States A-Z
1-10 Letter G Words
Countries of the World: 200 Million BC
1-10 Letter F Words
Risky Map Clicking: Next State Alphabetically
Recently Updated
Largest US Cities 1790-2010
pecheneg
Rides in Walt Disney World
pecheneg
Most Oscar Losses (Acting)
pecheneg
Beyoncé Albums
pecheneg
Leaping Animals
pecheneg
Reality TV Shows (A-Z)
bhenderson79
Rickey Henderson's Hall of Fame Teammates
pecheneg
Champions League XIs: Arsenal
pecheneg
Quick Pick: Celebrities in WWE's Hall of Fame
aduchscher
A-Z Keypad Blitz II
pecheneg
Trending Topics
Marvel
Harry Potter
NBA
Anime
Disney
Crossword
Kpop
Soccer
NFL
The Office
WWE
Country
Song
Pokémon
Puzzle
Your Account Isn't Verified!
In order to create a playlist on Sporcle, you need to verify the email address you used during registration. Go to your
Sporcle Settings
to finish the process.
Report this User
Report this user for behavior that violates our
Community Guidelines
.
Details:
Send Report
Go to the Sporcle.com Mobile Site →
Comments